00334 a2200109 4500001001000000005001700010008004100027245004100068100003100109773006700140999001700207ART_1112720260410161732.0260409a 10aAportes para un crecimento sostenido1 aRodríguez, Roberto Mario0 tEjecutivos de finanzasg- Año 5, Nº 41 (oct. 1987)wREV2863 c17991d17991